Investigación científica en ciencias de la salud

Gespeichert in:
Bibliographische Detailangaben
1. Verfasser: Poliet, Denise F.
Weitere Verfasser: Hungler, Bernadette P.
Format: Buch
Sprache:Spanisch
Veröffentlicht: Nueva Editorial Interamericana. 1985.
Ausgabe:2ª ed.
Schlagworte:
Tags: Tag hinzufügen
Keine Tags, Fügen Sie den ersten Tag hinzu!

MARC

LEADER 00000nam a22000005a 4500
001 417
003 CL-ChBUA
005 20120815102703.0
008 070301s1985 mx 000 0dspa
020 |a 0397544278 
040 |a CL-ChBUA  |c CL-ChBUA 
082 0 0 |a 001.43 
090 |c 417  |d 417 
100 1 |a Poliet, Denise F. 
245 1 0 |a Investigación científica en ciencias de la salud 
250 |a 2ª ed. 
260 |b Nueva Editorial Interamericana.  |c 1985. 
300 |a xvi, 595 p.  |c 25 cm. 
504 |a Bibl.; índice. 
650 4 |a METODOS DE INVESTIGACION. 
700 1 |a Hungler, Bernadette P. 
942 |c LIB 
952 |0 0  |1 0  |4 0  |7 0  |9 449  |a UNACH  |b UNACH  |c 000  |d 2007-03-05  |i 23.520.  |l 0  |o 001.43 / P 769.  |p 1448  |r 2022-01-04 00:00:00  |u 449  |w 2012-08-08  |y LIB  |k 001.43 / P 769. 
999 |c 417  |d 417